| 000 | 00000nam##2200000za#4500 |
| 001 | 9.633394 |
| 003 | CaOODSP |
| 005 | 20230201095211 |
| 007 | cr ||||||||||| |
| 008 | 150407|2006||||xxc|||||o f|0| 0 fre|d |
| 020 | |a0-662-72883-1 |
| 040 | |aCaOODSP|bfre |
| 043 | |an-cn--- |
| 086 | 1 |aPS64-30/2006F-PDF |
| 110 | 2 |aGendarmerie royale du Canada. |
| 245 | 13|aLe profilage racial aux États-Unis : |h[ressource électronique]|bun examen de la documentation / |cpar Colin Goff. |
| 260 | |aOttawa - Ontario : |bGendarmerie royale du Canada |c2006. |
| 300 | |a121p.|bréférences |
| 590 | |a15-05-Supp|b2015-03-31 |
| 691 | 07|aDiscrimination raciale|2gcpds |
| 775 | 08|tRacial profiling in the United States : |w(CaOODSP)9.688974 |
| 856 | 40|ahttp://publications.gc.ca|qPDF|s1.54 Mo|uhttps://publications.gc.ca/collections/collection_2015/grc-rcmp/PS64-30-2006-fra.pdf |